| 000 | 00390nam a2200145Ia 4500 | ||
|---|---|---|---|
| 008 | 240624s9999 xx 000 0 und d | ||
| 041 | _aeng | ||
| 082 | _a658.15 SMI | ||
| 100 | _aSMITHSON CHARLES W | ||
| 245 | _aMANAGING FINANCIAL RISK A GUIDE TO DERIV | ||
| 250 | _a(3rd ed.) | ||
| 260 |
_c1998 _aNew Delhi _bTata McGraw-Hill |
||
| 300 | _axxiv, : 663 : p. : cm. ; 24 | ||
| 365 |
_cRS _b33 |
||
| 999 |
_c26839 _d26839 |
||